000
00205 a2200097 4500
001
45863
100
_a
Hammond W
245
_a
Cricket school
260
_a
London
_b
Stanley Paul
_c
090
_c
28961
_d
28961
942
_a
NUST-CAE
_c
M
_c
21070
999
_c
280936
_d
280936